00857nam a22002537a 45000010005000000030006000050050017000110080041000280200018000690400029000870500014001160820011001301000017001412450055001582600042002133000055002554900044003105050008003545200080003625210020004425210020004626500076004826500045005585501FISKH20241213095446.0241213b cb ||||| |||| 00| 0 eng d a9780531208311 aFISKHbengcFISKHdFISKH aD756.M397 a940.54 aMcGowen, Tom aD-Day :bCornerstones of freedom /cby Tom McGowen aNew York :bChildren's Press ;c2008. a48 pages : bcolor illustrations , maps ;c25 cm . aCornerstones of FreedomvSecond series  aZ  aDiscusses the events leading up to the Allied invasion of Normandy in 1944.8 a960 bLexile 8 aZ bRaz-Plus  aWorld War, 1939-1945- Campaigns- France- NormandyvJuvenile literature  aOperation OverlordvJuvenile literature